00524nam a2200193 a 4500001001300000003000900013005001700022008004100039020002300080082002400103100002500127245003400152260003800186300000900224500003500233505001200268650002500280700002500305nice12345678IN_TiNIC20260116012305.0050524s1989 dela grp 000 0 eng  a8120209 c20000a323.3971095475bENG aEngineer, Asghar Ali aMuslim Communities of Gujarat aDelhibAjanta Publications c1989 a275p aincludes index and biblioraphy2 aIndexes aMuslims-India-Gujrat1 aEngineer, Asghar Ali